All Incorporated Municipalities of Chautauqua County, New York - Statistics

General Stats
  • This quiz has been taken 17 times
    6 since last reset
  • The average score is 16 of 42
Answer Stats
Answer % Correct
Chautauqua
75%
Dunkirk
75%
Dunkirk
75%
Falconer
75%
Fredonia
75%
Jamestown
75%
Arkwright
50%
Busti
50%
Cherry Creek
50%
Clymer
50%
Ellery
50%
Ellington
50%
French Creek
50%
Panama
50%
Poland
50%
Portland
50%
Ripley
50%
Bemus Point
25%
Brocton
25%
Carroll
25%
Cassadaga
25%
Celoron
25%
Charlotte
25%
Ellicott
25%
Gerry
25%
Hanover
25%
Harmony
25%
Kiantone
25%
Lakewood
25%
Mayville
25%
Mina
25%
North Harmony
25%
Pomfret
25%
Sheridan
25%
Sherman
25%
Sherman
25%
Silver Creek
25%
Sinclairville
25%
Stockton
25%
Villenova
25%
Westfield
25%
Westfield
25%
No matching quizzes found
Score Distribution
Percent of People with Each Score
Percentile by Number Answered
Your Score History
You have not taken this quiz since the last reset